Brand Rivalries - Statistics

General Stats
  • This quiz has been taken 674 times
  • The average score is 11 of 18
Answer Stats
Hint Answer % Correct
Pepsi Coca-Cola
99%
Burger King McDonald's
90%
PlayStation xBox
86%
Mastercard Visa
85%
Yahoo Google
84%
Lamborghini Ferrari
77%
BMW Mercedes
74%
Marvel DC
72%
Apple Microsoft
64%
UPS FedEx
63%
Shell BP
60%
Amazon eBay
58%
Airbus Boeing
53%
Nikon Canon
50%
Ford GM
50%
Hasbro Mattel
30%
HP IBM
21%
Estée Lauder L'Oréal
16%
No matching quizzes found
Score Distribution
Percent of People with Each Score
Percentile by Number Answered
Your Score History
You have not taken this quiz